Rebel Ridge / directed by Jeremy Saulnier; produced by Anish Savjani, Neil Kopp, Vincent Savino, Jeremy Saulnier; (Record no. 20990)

000 -LEADER
fixed length control field 01203nam a22003377a 4500
008 - FIXED-LENGTH DATA ELEMENTS--GENERAL INFORMATION
fixed length control field 250529b xxu||||| |||| 00| 0 eng d
040 ## - CATALOGING SOURCE
Original cataloging agency Cagayan State University
Description conventions RDA
082 ## - DEWEY DECIMAL CLASSIFICATION NUMBER
Classification number 791.4372
Item number R289
245 ## - TITLE STATEMENT
Title Rebel Ridge / directed by Jeremy Saulnier; produced by Anish Savjani, Neil Kopp, Vincent Savino, Jeremy Saulnier;
260 ## - PUBLICATION, DISTRIBUTION, ETC. (IMPRINT)
Place of publication, distribution, etc United States
Name of publisher, distributor, etc Netflix
Date of publication, distribution, etc 2024
300 ## - PHYSICAL DESCRIPTION
Extent 1 videofile, (ca. 131 mins.) :
Other physical details color, sound.
520 ## - SUMMARY, ETC.
Summary, etc A former Marine grapples his way through a web of small-town corruption when an attempt to post bail for his cousin escalates into a violent standoff with the local police chief.
521 ## - TARGET AUDIENCE NOTE
Target audience note Not rated.
546 ## - LANGUAGE NOTE
Language note English
650 ## - SUBJECT ADDED ENTRY--TOPICAL TERM
Topical term or geographic name as entry element Action.
650 ## - SUBJECT ADDED ENTRY--TOPICAL TERM
Topical term or geographic name as entry element Crime.
650 ## - SUBJECT ADDED ENTRY--TOPICAL TERM
Topical term or geographic name as entry element Drama.
650 ## - SUBJECT ADDED ENTRY--TOPICAL TERM
Topical term or geographic name as entry element Thriller.
700 ## - ADDED ENTRY--PERSONAL NAME
Personal name Aaron Pierre, star.
700 ## - ADDED ENTRY--PERSONAL NAME
Personal name Don Johnson, star.
700 ## - ADDED ENTRY--PERSONAL NAME
Personal name AnnaSophia Robb, star.
700 ## - ADDED ENTRY--PERSONAL NAME
Personal name David Denman, star.
700 ## - ADDED ENTRY--PERSONAL NAME
Personal name Emory Cohen, star.
700 ## - ADDED ENTRY--PERSONAL NAME
Personal name Steve Zissis, star.
700 ## - ADDED ENTRY--PERSONAL NAME
Personal name Zsané Jhé, star.
700 ## - ADDED ENTRY--PERSONAL NAME
Personal name Dana Lee, star.
700 ## - ADDED ENTRY--PERSONAL NAME
Personal name James Cromwell, star.
700 ## - ADDED ENTRY--PERSONAL NAME
Personal name David Gallego, cinematographer.
700 ## - ADDED ENTRY--PERSONAL NAME
Personal name Jeremy Saulnier, editor.
942 ## - ADDED ENTRY ELEMENTS (KOHA)
Source of classification or shelving scheme
Item type Audio-Visual Materials
Holdings
Source of acquisition Price effective from Permanent location Date last seen Not for loan Date acquired Source of classification or shelving scheme Koha item type Collection code Shelving location Damaged status Lost status Withdrawn status Current location Full call number
school2025-05-29Cagayan State University - Carig Library2025-05-29 2025-05-29 Audio-Visual MaterialsElectronic Media CenterElectronic Media Center   Cagayan State University - Carig Library791.4372 R289

Cagayan State University University Library, Carig Campus
Tuguegarao City, Cagayan 3500 | www.csucarig.edu.ph

Powered by Koha